Ứng dụng sai phân trong giải toán THPT
Kiến thức cơ sở. Ứng dụng tính chất sai phân trong toán học bậc Trung học phổ thông.
Saved in:
| Main Author: | |
|---|---|
| Other Authors: | |
| Format: | Book |
| Language: | Vietnamese |
| Published: |
Đà Nẵng
Đại học Đà Nẵng
2015
|
| Subjects: | |
| Tags: |
Add Tag
No Tags, Be the first to tag this record!
|
| Institutions: | Mạng thư viện Đại học Đà Nẵng |
|---|
| LEADER | 01523nam a2200349 4500 | ||
|---|---|---|---|
| 001 | 000023766 | ||
| 003 | 20219 | ||
| 005 | 20160324090341.0 | ||
| 008 | 160226s2015 viesd | ||
| 041 | |a vie | ||
| 082 | 1 | 4 | |a 515.625 |b NG-S |
| 100 | 1 | |a Nguyễn Minh Sơn | |
| 245 | 1 | |a Ứng dụng sai phân trong giải toán THPT |c Nguyễn Minh Sơn ; Lê Hải Trung hướng dẫn. |k Luận văn Thạc sĩ | |
| 260 | |a Đà Nẵng |b Đại học Đà Nẵng |c 2015 | ||
| 300 | |a 91 tr. ; phụ lục 3 tr. |c 29 cm. |e Tóm tắt | ||
| 500 | |a Luận văn thạc sĩ Khoa học. Chuyên ngành: Phương pháp toán sơ cấp. Mã số: 60.46.01.13 | ||
| 520 | 3 | |a Kiến thức cơ sở. Ứng dụng tính chất sai phân trong toán học bậc Trung học phổ thông. | |
| 650 | 0 | 4 | |a Sai phân (toán học) |v Luận văn tốt nghiệp |x Ứng dụng trong giải toán THPT |
| 653 | |a Sai phân (toán học) | ||
| 653 | |a Phương pháp toán sơ cấp | ||
| 653 | |a Giáo dục THPT | ||
| 700 | 1 | |a Lê Hải Trung |c TS. |e Hướng dẫn | |
| OWN | |a LSP | ||
| AVA | |a UDN50 |b LSP |d 515.625 NG-S |e available |t Error 5001 Not defined in file expand_doc_bib_avail. |f 1 |g 0 |h N |i 0 |k 1 | ||
| 999 | |a From the UDN01 | ||
| AVA | |a UDN50 |b LSP |d 515.625 NG-S |e available |t Error 5001 Not defined in file expand_doc_bib_avail. |f 1 |g 0 |h N |i 0 |k 1 | ||
| TYP | |a Monograph | ||
| TYP | |a Printed language | ||
| 980 | |a Mạng thư viện Đại học Đà Nẵng | ||